000 00354nam a2200145Ia 4500
008 230711s9999||||xx |||||||||||||| ||und||
041 _aENG
082 _a5
_bRA-C
100 _aRajaraman.V
245 0 _aC programming in fortran 77
250 _a1st Ed.
260 _c1991
_aNew Delhi
_bPradeep publishers
650 _aComputer Engineering
942 _cBK
999 _c2943
_d2943